• 首页
  • 本馆介绍
  • 公告通知
  • 最新文献
  • 馆藏检索
  • 电子资源
  • 读者导购
  • 参考咨询
  • 我的图书馆
  • 登录
  • 详细信息显示
  • 放入我的书架
  • 预约/预借图书
  • 作者相关作品
  • 分类相关作品
  • 丛书相关作品
  • 出版社相关作品

书目信息

  • 表格格式
  • 工作单格式
  • 卡片格式
题名:
冶金矿山设计
    
 
作者: ;《冶金矿山设计参考资料》编写组 编
分册: 下  
出版信息: 北京   冶金工业出版社  1974.01
页数: 526页
开本: 28cm
丛书名:
单 册:
中图分类: TD212
科图分类:
主题词: 矿山--设计
电子资源:
ISBN:
000 00636nam0 2200205 45
001 0409211112
005 20040921112918.1
010    @dCNY4.10
091    @a15062.3052
100    @a20040921d1974 km y0chiy0120 ea
101 0  @achi
105    @a z 000yy
200 1  @a冶金矿山设计@AYe Jin Kuang Shan She Ji@h下@f《冶金矿山设计参考资料》编写组编@F《Ye Jin Kuang Shan She Ji Can Kao Zi Liao》Bian Xie Zu Bian
210    @a北京@c冶金工业出版社@d1974.01
215    @a526页@d28cm
606 0  @a矿山@x设计
690    @aTD212@v3
711 02 @a《冶金矿山设计参考资料》编写组@4编
801    @aCN@bTSTCL@c20040921
905    @f1@b5851@dTD212@e1:2
    
    冶金矿山设计.下/《冶金矿山设计参考资料》编写组编.-北京:冶金工业出版社,1974.01
    526页;28cm
    
    
    ISBN :CNY4.10
    
●
相关链接 在E读中查询图书 在五车中查询图书 在当当中查询图书 在豆瓣中查询图书


正题名:冶金矿山设计     索取号:TD212/1:2         预约/预借

序号 登录号 条形码 馆藏地/架位号 状态 备注
1 0005851   000559265   密集书库/ [索取号:TD212/1:2] 在馆    
唐山师范学院图书馆 欢迎您!
大连网信软件有限公司© 版权所有